El revés de la trama
Gardado en:
| Autor Principal: | |
|---|---|
| Formato: | Libro |
| Idioma: | Lingua castelá |
| Publicado: |
Santiago
Andrés Bello
1991
|
| Edición: | 1a. ed |
| Subjects: | |
| Tags: |
Engadir etiqueta
Sen Etiquetas, Sexa o primeiro en etiquetar este rexistro!
|
MARC
| LEADER | 00000cam a2200000 a 4500 | ||
|---|---|---|---|
| 001 | UCE7142 | ||
| 003 | CL-VaPUC | ||
| 008 | 150529e19910000cl |||||||||||||||||spa|d | ||
| 020 | |a 956130944K | ||
| 082 | 0 | 4 | |a 823 |b GRE |2 21 |
| 100 | 0 | |a Greene, Graham |e author |9 309259 | |
| 245 | 1 | 3 | |a El revés de la trama |
| 250 | |a 1a. ed | ||
| 300 | |a 331 p | ||
| 942 | |c BK | ||
| 945 | |d 20150529 15:00:00 |a dcastane | ||
| 260 | |a Santiago |b Andrés Bello |c 1991 | ||
| 650 | 0 | |a Novelas inglesas |9 265220 | |
| 650 | 0 | |a Literatura inglesa |9 312907 | |
| 583 | |a last modification |c 20150529 15:00:00 |k Rodrigo Vera | ||
| 999 | |c 359265 |d 359263 | ||
| 952 | |0 0 |1 0 |3 erb |4 0 |6 823_000000000000000_GRE_1991 |7 0 |8 A |9 468408 |a BIBEDU |b BIBEDU |e Villagrán Garnham, Jorge |i 5176093 |o 823 GRE 1991 |p 5176093 |r 2019-11-23 |w 2019-11-23 |y BK |z Catalogado en:20150529 |k LIT | ||